00462nam a2200193 a 4500001001300000003000900013005001700022008004100039020001000080082001600090100001900106245001700125260003200142300000900174500003500183505001000218650002100228700001900249nice12345678IN_TiNIC20260116011515.0050524s1900 boma grp 000 0 per  ac10000a297.1bSHA1 aShamsul, Moali aQaboos Namah aBombaybNo Publishersc1900 a199p aincludes index and biblioraphy2 aIndex aIslam-Miscellany1 aShamsul, Moali